|
|
|
|
| LEADER |
00000nam a2200000 4500 |
| 001 |
vtls011754756 |
| 003 |
SK-MaSNL |
| 005 |
20260512040421.0 |
| 008 |
200104s2017 xo g n 000 0 slo |
| 015 |
|
|
|a SNBA2018/06
|
| 020 |
|
|
|a 9788089602650
|q (brožované)
|
| 035 |
|
|
|a urn:nbn:sk:snk-am00d31f
|
| 035 |
|
|
|a urn:nbn:sk:snk-am3hjym
|
| 035 |
|
|
|a 90DF6911-953B-4997-8FD8-5A177E3C89DB
|
| 040 |
|
|
|a SNK
|b slo
|c SNK
|e rda
|
| 041 |
0 |
|
|a slo
|
| 044 |
|
|
|a xo
|c SK
|
| 072 |
|
7 |
|a 27-4
|x Praktická teológia. Morálna teológia
|2 konspekt
|
| 080 |
|
|
|a 27-46
|2 2011
|
| 080 |
|
|
|a 374.32
|2 2001
|
| 080 |
|
|
|a 316.774
|2 2011
|
| 080 |
|
|
|a 659.443/.446
|2 2011
|
| 080 |
|
|
|a (048.8)
|2 2011
|
| 080 |
|
|
|a 27-766
|2 2011
|
| 100 |
1 |
|
|a Taraj, Martin,
|d 1986-
|4 aut
|9 433714
|
| 245 |
1 |
0 |
|a Evanjelizácia mladých v kontexte médií
|c Martin Taraj
|
| 250 |
|
|
|a Vydanie prvé
|
| 264 |
|
1 |
|a Námestovo
|b Tlačiareň Kubík
|c 2017
|
| 300 |
|
|
|a 167 strán
|c 22 cm
|
| 336 |
|
|
|a text
|b txt
|2 rdacontent
|
| 337 |
|
|
|a bez média
|b n
|2 rdamedia
|
| 338 |
|
|
|a zväzok
|b nc
|2 rdacarrier
|
| 366 |
|
|
|e 250 kusov
|
| 504 |
|
|
|a Bibliografia na s. 149-162 ; bibliografické odkazy ; skratky a značky
|
| 650 |
0 |
7 |
|a pastorácia
|2 SNKPH
|9 1972
|
| 650 |
0 |
7 |
|a práca s mládežou
|2 SNKPH
|9 15157
|
| 650 |
0 |
7 |
|a médiá
|2 SNKPH
|9 1424
|
| 650 |
0 |
7 |
|a Pastorship
|2 SNKPHeng
|9 282485
|
| 650 |
0 |
7 |
|a Work with youth
|2 SNKPHeng
|9 275710
|
| 650 |
0 |
7 |
|a médiá
|2 SNKPHeng
|9 1424
|
| 650 |
0 |
7 |
|a evanjelizácia
|2 SNKPH
|9 4098
|
| 650 |
0 |
7 |
|a Evangelistic work
|2 SNKPHeng
|9 282531
|
| 655 |
|
7 |
|a monografie
|2 SNKPH
|9 70139
|
| 655 |
|
7 |
|a Monographs
|2 SNKPHeng
|9 120675
|
| 919 |
|
|
|a 978-80-89602-65-0
|
| 958 |
|
|
|a NT
|
| 958 |
|
|
|a NB
|
| 999 |
|
|
|c 941665
|d 943595
|
| 952 |
|
|
|a SNK
|b SNK
|y PREZ
|7 0
|p 17A1330207
|o snkSC 179358
|i snk2018/9900
|8 0
|0 0
|1 0
|4 0
|d 2018-05-04
|f 1
|l 0
|r 2026-02-24 09:21:35
|w 2026-02-24
|
| 952 |
|
|
|a SNK
|b SNK
|y VYP
|7 0
|p 17A1330208
|o snkSC 179358 D1
|i snk2018/9901
|8 0
|0 0
|1 0
|4 0
|d 2018-05-04
|l 0
|r 2026-02-24 09:21:35
|w 2026-02-24
|